[Event "ARG-ch Seniors 65"]
[Site "Termas de Rio Hondo"]
[Date "2017.04.20"]
[Round "2"]
[White "Aparicio, Anibal"]
[Black "Belmonte, Diego Jose"]
[Result "1-0"]
[WhiteElo "2270"]
[BlackElo "1914"]
[PlyCount "53"]
[EventDate "2017.04.19"]
[EventType "swiss"]
[EventRounds "7"]
[EventCountry "ARG"]
[SourceTitle "EXT 2024"]
[Source "ChessBase"]
[SourceDate "2023.10.10"]
[SourceVersion "1"]
[SourceVersionDate "2023.10.10"]
[SourceQuality "1"]

1. d4 f5 2. g3 Nf6 3. Bg2 g6 4. Nf3 Bg7 5. c4 0-0 6. 0-0 d6 7. Nc3 c6 8. Rb1 a5 9. b3 Qc7 10. d5 Kh8 11. Bb2 e5 12. dxe6 Bxe6 13. Ng5 Bg8 14. e4 Ne8 15. h4 Nd7 16. exf5 gxf5 17. Ne2 Nef6 18. Nd4 Ne5 19. Nde6 Qe7 20. Nxf8 Rxf8 21. Re1 h6 22. Nh3 Qc7 23. Nf4 Nfd7 24. Nh5 Nf6 25. Nxg7 Kxg7 26. c5 Nf7 27. Re6 1-0

[Event "Wch Seniors 65 25th"]
[Site "Acqui Terme"]
[Date "2015.11.15"]
[Round "6"]
[White "Pritchett, Craig William"]
[Black "Aparicio, Anibal"]
[Result "0-1"]
[WhiteElo "2334"]
[BlackElo "2221"]
[PlyCount "72"]
[EventDate "2015.11.10"]
[EventType "swiss"]
[EventRounds "11"]
[EventCountry "ITA"]
[SourceTitle "CBM 169 Extra"]
[Source "ChessBase"]
[SourceDate "2015.12.18"]
[SourceVersion "1"]
[SourceVersionDate "2015.12.18"]
[SourceQuality "1"]

1. Nf3 Nf6 2. c4 c5 3. Nc3 e6 4. g3 b6 5. Bg2 Bb7 6. 0-0 Be7 7. Re1 0-0 8. e4 d6 9. d4 cxd4 10. Nxd4 Qc8 11. Be3 a6 12. Rc1 Nbd7 13. f4 Re8 14. b3 Bf8 15. Bf2 g6 16. h3 Qc7 17. g4 Rac8 18. Nde2 Nc5 19. Ng3 e5 20. fxe5 dxe5 21. g5 Nfd7 22. Nd5 Qd8 23. Qd2 Ne6 24. h4 Bc5 25. Bh3 Kg7 26. Ne2 Bxf2+ 27. Kxf2 b5 28. cxb5 Ndc5 29. Bg2 Bxd5 30. exd5 e4 31. Ke3 Qb6 32. Qb2+ Kg8 33. Nd4 Nd3 34. Rxc8 Rxc8 35. Qa1 Nxe1 36. dxe6 Nc2+ 0-1

[Event "Arica op 2nd"]
[Site "Arica"]
[Date "2015.01.16"]
[Round "5"]
[White "Hernandez Guerrero, Gilberto Eduardo"]
[Black "Aparicio, Anibal"]
[Result "1-0"]
[WhiteElo "2517"]
[BlackElo "2204"]
[PlyCount "45"]
[EventDate "2015.01.13"]
[EventType "swiss"]
[EventRounds "9"]
[EventCountry "CHI"]
[SourceTitle "EXT 2016"]
[Source "ChessBase"]
[SourceDate "2015.10.08"]
[SourceVersion "1"]
[SourceVersionDate "2015.10.08"]
[SourceQuality "1"]

1. e4 c5 2. Nf3 Nc6 3. d4 cxd4 4. Nxd4 Nf6 5. Nc3 d6 6. Bc4 e6 7. Bb3 Bd7 8. Be3 a6 9. f4 Qc7 10. Qf3 Na5 11. 0-0-0 0-0-0 12. g4 Nc4 13. Bxc4 Qxc4 14. g5 Ne8 15. Nb3 Kb8 16. Bb6 Rc8 17. Qf2 d5 18. exd5 Ba3 19. Rd3 Nd6 20. bxa3 Ne4 21. Nxe4 Qxd3 22. Nec5 Rxc5 23. Qxc5 1-0

[Event "Mendoza op"]
[Site "Mendoza"]
[Date "2014.11.24"]
[Round "7"]
[White "Lorenzini, Martin"]
[Black "Aparicio, Anibal"]
[Result "1-0"]
[WhiteElo "2483"]
[BlackElo "2180"]
[PlyCount "97"]
[EventDate "2014.11.21"]
[EventType "swiss"]
[EventRounds "7"]
[EventCountry "ARG"]
[SourceTitle "CBM 163 Extra"]
[Source "ChessBase"]
[SourceDate "2014.12.23"]
[SourceVersion "1"]
[SourceVersionDate "2014.12.23"]
[SourceQuality "1"]

1. e4 e6 2. d4 d5 3. Nd2 c5 4. Ngf3 Nc6 5. exd5 exd5 6. Bb5 Bd6 7. dxc5 Bxc5 8. 0-0 Nge7 9. Nb3 Bd6 10. Bg5 0-0 11. Bh4 Qb6 12. Bd3 Nb4 13. Bg3 Nxd3 14. Qxd3 Bxg3 15. hxg3 Bf5 16. Qd2 Rad8 17. Nfd4 Bg6 18. Qa5 Nc8 19. Rfe1 Qf6 20. Re2 a6 21. Rae1 h6 22. Qb4 Nd6 23. c3 Bd3 24. Re3 Be4 25. Nc5 Qg6 26. b3 b5 27. Nc6 Nf5 28. Nxd8 Nxe3 29. Rxe3 Rxd8 30. Qd4 Bb1 31. Qd2 Qc6 32. b4 a5 33. a3 axb4 34. axb4 Bg6 35. Qd4 Kh7 36. Re1 Ra8 37. Re5 Ra1+ 38. Kh2 Rc1 39. Rxd5 Qa8 40. Nd7 Qa1 41. g4 Qxc3 42. Qxc3 Rxc3 43. Rxb5 Rc8 44. Rb8 Rxb8 45. Nxb8 Bd3 46. Nc6 f6 47. Nd4 Kg6 48. b5 Kf7 49. b6 1-0

[Event "Villa Martelli op-A 21st"]
[Site "Villa Martelli"]
[Date "2014.11.13"]
[Round "7"]
[White "Aparicio, Anibal"]
[Black "Perez, Maximiliano"]
[Result "0-1"]
[WhiteElo "2180"]
[BlackElo "2317"]
[PlyCount "64"]
[EventDate "2014.11.07"]
[EventType "swiss"]
[EventRounds "9"]
[EventCountry "ARG"]
[SourceTitle "CBM 163 Extra"]
[Source "ChessBase"]
[SourceDate "2014.12.23"]
[SourceVersion "1"]
[SourceVersionDate "2014.12.23"]
[SourceQuality "1"]

1. Nf3 Nf6 2. c4 g6 3. Nc3 Bg7 4. e4 d6 5. d4 0-0 6. Be2 e5 7. 0-0 Nc6 8. d5 Ne7 9. Ne1 Nd7 10. Be3 f5 11. f3 f4 12. Bf2 g5 13. g4 h5 14. h3 Ng6 15. Nd3 Rf7 16. c5 Nf6 17. a4 Qf8 18. cxd6 cxd6 19. Rc1 hxg4 20. fxg4 a6 21. Bf3 Bh8 22. Kg2 Rh7 23. Rh1 Bd7 24. Bb6 Nh4+ 25. Kf1 Rc8 26. Nf2 Bxa4 27. Qxa4 Nxf3 28. Ke2 Nd4+ 29. Kd2 Nd7 30. Bxd4 exd4 31. Ne2 Nc5 32. Qa3 f3 0-1

[Event "Villa Martelli op-A 21st"]
[Site "Villa Martelli"]
[Date "2014.11.12"]
[Round "6"]
[White "Cori Quispe, Kevin Joel"]
[Black "Aparicio, Anibal"]
[Result "0-1"]
[WhiteElo "2412"]
[BlackElo "2180"]
[PlyCount "55"]
[EventDate "2014.11.07"]
[EventType "swiss"]
[EventRounds "9"]
[EventCountry "ARG"]
[SourceTitle "CBM 163 Extra"]
[Source "ChessBase"]
[SourceDate "2014.12.23"]
[SourceVersion "1"]
[SourceVersionDate "2014.12.23"]
[SourceQuality "1"]

1. e4 g6 2. d4 c6 3. Nc3 Bg7 4. f4 Nh6 5. Nf3 d5 6. e5 Bg4 7. Be3 Qb6 8. Rb1 Nf5 9. Bf2 e6 10. Be2 h5 11. 0-0 Nd7 12. Qd2 Qc7 13. h3 Bxf3 14. Bxf3 Nb6 15. g3 Nc4 16. Qd3 Bf8 17. b3 Na3 18. Rbc1 Qa5 19. Ne2 Nb5 20. a4 Nc7 21. c4 Bb4 22. Kg2 0-0-0 23. c5 Rdg8 24. Rc2 Ne8 25. Nc1 g5 26. Kh2 g4 27. Bd1 h4 28. Kg2 0-1

[Event "Villa Martelli op-A 21st"]
[Site "Villa Martelli"]
[Date "2014.11.11"]
[Round "5"]
[White "Aparicio, Anibal"]
[Black "Blit, Jacques"]
[Result "0-1"]
[WhiteElo "2180"]
[BlackElo "2337"]
[PlyCount "70"]
[EventDate "2014.11.07"]
[EventType "swiss"]
[EventRounds "9"]
[EventCountry "ARG"]
[SourceTitle "CBM 163 Extra"]
[Source "ChessBase"]
[SourceDate "2014.12.23"]
[SourceVersion "1"]
[SourceVersionDate "2014.12.23"]
[SourceQuality "1"]

1. Nf3 c5 2. e4 g6 3. c3 d5 4. exd5 Qxd5 5. d4 Bg7 6. Bb5+ Nd7 7. dxc5 Qxc5 8. Qe2 a6 9. Bd3 Ngf6 10. 0-0 0-0 11. Re1 Nd5 12. Qf1 e5 13. Nbd2 f5 14. Nb3 Qc7 15. Bc4 N7b6 16. Be2 e4 17. Nfd4 Be5 18. c4 Nf4 19. c5 Nxe2+ 20. Qxe2 Nd5 21. Qc4 Rd8 22. Bg5 Bxh2+ 23. Kh1 Rd7 24. Ne6 Qe5 25. Nbd4 h6 26. f4 Qh8 27. Bh4 g5 28. Kxh2 gxh4 29. Rad1 Qf6 30. g3 Kh7 31. Qb3 Nc7 32. Qb6 hxg3+ 33. Kxg3 Rf7 34. Nxc7 Rg7+ 35. Kh3 Qf7 0-1

[Event "ARG-ch 86th"]
[Site "La Plata"]
[Date "2012.07.09"]
[Round "8"]
[White "Aparicio, Anibal"]
[Black "Sanchez, Christian"]
[Result "1-0"]
[WhiteElo "2223"]
[BlackElo "2032"]
[PlyCount "99"]
[EventDate "2012.07.04"]
[EventType "swiss"]
[EventRounds "11"]
[EventCountry "ARG"]
[SourceTitle "CBM 149 Extra"]
[Source "ChessBase"]
[SourceDate "2012.08.24"]
[SourceVersion "1"]
[SourceVersionDate "2012.08.24"]
[SourceQuality "1"]

1. d4 Nf6 2. Bf4 e6 3. e3 b6 4. Nd2 Bb7 5. Ngf3 c5 6. Bd3 d6 7. 0-0 Be7 8. h3 0-0 9. c3 Nbd7 10. Qe2 Qc7 11. e4 Nh5 12. Bh2 g6 13. Qe3 Ng7 14. Qh6 f5 15. Ng5 Bxg5 16. Qxg5 fxe4 17. Nxe4 e5 18. dxc5 dxc5 19. Rfe1 c4 20. Bf1 Ne6 21. Qe7 Rae8 22. Qd6 Bxe4 23. Qxc7 Nxc7 24. Rxe4 b5 25. a4 Nc5 26. Rxe5 Nxa4 27. Bxc4+ bxc4 28. Rxa4 Rd8 29. Bg3 Rd2 30. Rxc4 Nd5 31. Rd4 Rxd4 32. cxd4 Rd8 33. Re6 Nb4 34. Rd6 Re8 35. Rd7 Nd3 36. Rxa7 Nxb2 37. Rb7 Nc4 38. f3 Re2 39. Bf4 Re8 40. Bh6 Nd6 41. Rg7+ Kh8 42. Rd7 Nf5 43. Bf4 h5 44. Be5+ Kg8 45. g4 hxg4 46. hxg4 Ne7 47. f4 Nc6 48. Rg7+ Kf8 49. Rxg6 Nxe5 50. dxe5 1-0

[Event "ARG-ch 86th"]
[Site "La Plata"]
[Date "2012.07.08"]
[Round "6"]
[White "Aparicio, Anibal"]
[Black "Lemos, Damian"]
[Result "0-1"]
[WhiteElo "2223"]
[BlackElo "2545"]
[PlyCount "96"]
[EventDate "2012.07.04"]
[EventType "swiss"]
[EventRounds "11"]
[EventCountry "ARG"]
[SourceTitle "CBM 149 Extra"]
[Source "ChessBase"]
[SourceDate "2012.08.24"]
[SourceVersion "1"]
[SourceVersionDate "2012.08.24"]
[SourceQuality "1"]

1. e4 c5 2. Nf3 e6 3. d4 cxd4 4. Nxd4 a6 5. Nc3 b5 6. Bd3 Bb7 7. 0-0 Ne7 8. a4 b4 9. Nce2 Nbc6 10. Nb3 Ng6 11. f4 Be7 12. Be3 0-0 13. a5 d6 14. Qe1 Bf6 15. Bb6 Qe7 16. Nbd4 Nxd4 17. Nxd4 Bxd4+ 18. Bxd4 e5 19. fxe5 dxe5 20. Be3 Nf4 21. Bxf4 exf4 22. Rxf4 Qe5 23. Rf2 Qxb2 24. Rb1 Qe5 25. Qxb4 Bc8 26. Bc4 Be6 27. Bxe6 Qxe6 28. Qe1 Rae8 29. Rb6 Qc4 30. Qb4 Qc8 31. Rb7 Qg4 32. h3 Qh4 33. Qc4 Qh5 34. Rf5 Qg6 35. Rb6 Qg3 36. Qd3 Qe1+ 37. Rf1 Qxa5 38. Rxa6 Qb4 39. Rf4 Rd8 40. Qf1 Rd2 41. c4 Qc5+ 42. Kh1 Rfd8 43. Ra1 Qh5 44. Rf5 Qg6 45. Qf3 Re8 46. Ra7 Rf8 47. c5 h6 48. Rd5 Rxd5 0-1

[Event "ARG-ch 86th"]
[Site "La Plata"]
[Date "2012.07.07"]
[Round "4"]
[White "Maldonado, Marcos"]
[Black "Aparicio, Anibal"]
[Result "0-1"]
[WhiteElo "2106"]
[BlackElo "2223"]
[PlyCount "118"]
[EventDate "2012.07.04"]
[EventType "swiss"]
[EventRounds "11"]
[EventCountry "ARG"]
[SourceTitle "CBM 149 Extra"]
[Source "ChessBase"]
[SourceDate "2012.08.24"]
[SourceVersion "1"]
[SourceVersionDate "2012.08.24"]
[SourceQuality "1"]

1. e4 c5 2. Nc3 Nc6 3. g3 g6 4. Bg2 Bg7 5. d3 e6 6. Be3 d6 7. Qd2 Qd7 8. f4 Nge7 9. Nf3 b6 10. 0-0 0-0 11. Rae1 Bb7 12. Nh4 f5 13. Re2 Nd4 14. Ree1 Rae8 15. Nd1 Qa4 16. c3 Nb5 17. c4 Nd4 18. b3 Qd7 19. Kh1 d5 20. e5 Ndc6 21. Nf3 Rd8 22. Nb2 h6 23. h4 Qc8 24. Qe2 Nb4 25. a3 Nbc6 26. Rd1 Rd7 27. d4 Na5 28. dxc5 bxc5 29. b4 cxb4 30. axb4 Nxc4 31. Nxc4 Ba6 32. Rf2 Bxc4 33. Qb2 Qb7 34. Nd4 Kf7 35. Rc1 Rc8 36. Rfc2 Rdc7 37. b5 Bd3 38. Rxc7 Rxc7 39. Rxc7 Qxc7 40. Qb4 Nc8 41. Nc6 Bf8 42. Bc5 Bxc5 43. Qxc5 Qb6 44. Qa3 Bxb5 45. Nb4 Ne7 46. h5 gxh5 47. Qf3 Kg6 48. Nc2 Qc5 49. Ne3 Bd3 50. g4 hxg4 51. Nxg4 Be4 52. Qg3 Bxg2+ 53. Kxg2 fxg4 54. Qxg4+ Kf7 55. Qh4 Qc2+ 56. Kf1 Qg6 57. Ke1 Nf5 58. Qd8 Ne7 59. f5 Qxf5 0-1

[Event "Villa Martelli Pro Am op 17th"]
[Site "Villa Martelli"]
[Date "2010.10.18"]
[Round "5"]
[White "Aparicio, Anibal"]
[Black "Saldano Dayer, Horacio"]
[Result "1/2-1/2"]
[WhiteElo "2241"]
[BlackElo "2406"]
[PlyCount "62"]
[EventDate "2010.10.10"]
[EventType "swiss"]
[EventRounds "9"]
[EventCountry "ARG"]
[SourceTitle "CBM 138 Extra"]
[Source "ChessBase"]
[SourceDate "2010.10.29"]
[SourceVersion "1"]
[SourceVersionDate "2010.10.29"]
[SourceQuality "1"]

1. d4 Nf6 2. c4 e6 3. Nf3 Bb4+ 4. Bd2 Qe7 5. Qc2 Nc6 6. e3 0-0 7. a3 Bxd2+ 8. Nbxd2 a5 9. Bd3 a4 10. g4 g6 11. Rg1 d6 12. g5 Nh5 13. Ne4 e5 14. d5 Nb8 15. Nfd2 Nd7 16. 0-0-0 c6 17. Be2 cxd5 18. cxd5 f5 19. gxf6 Ndxf6 20. Nc3 Bd7 21. Nc4 b5 22. Nb6 Rab8 23. Nxd7 Qxd7 24. Bd3 Kh8 25. Bxg6 hxg6 26. Rxg6 Rf7 27. Rdg1 Rg7 28. Rxg7 Nxg7 29. Qg6 Qe7 30. Qg5 Rb7 31. h4 Nh7 1/2-1/2

[Event "Villa Martelli Pro Am op 17th"]
[Site "Villa Martelli"]
[Date "2010.10.11"]
[Round "1"]
[White "Leal, Jorge Augusto"]
[Black "Aparicio, Anibal"]
[Result "1/2-1/2"]
[WhiteElo "1625"]
[BlackElo "2241"]
[PlyCount "60"]
[EventDate "2010.10.10"]
[EventType "swiss"]
[EventRounds "9"]
[EventCountry "ARG"]
[SourceTitle "CBM 138 Extra"]
[Source "ChessBase"]
[SourceDate "2010.10.29"]
[SourceVersion "1"]
[SourceVersionDate "2010.10.29"]
[SourceQuality "1"]

1. d4 d5 2. Nf3 Nf6 3. g3 c6 4. Bg2 Bf5 5. 0-0 h6 6. Nbd2 e6 7. c4 Nbd7 8. Re1 Be7 9. Qb3 Qb6 10. c5 Qa6 11. Bf1 b5 12. e3 Qa5 13. Bd3 Ne4 14. Qc2 Nxd2 15. Bxd2 Bxd3 16. Qxd3 Qd8 17. e4 Nf6 18. e5 Nh7 19. a4 a6 20. axb5 axb5 21. Ra3 0-0 22. Rea1 Rxa3 23. Qxa3 f6 24. Qa6 Qe8 25. Qb7 Ng5 26. Nxg5 fxg5 27. Ra7 Qh5 28. Be3 Qd1+ 29. Kg2 Qf3+ 30. Kg1 Qd1+ 1/2-1/2

[Event "Villa Ballester Verano op 60th"]
[Site "Villa Ballester"]
[Date "2010.01.29"]
[Round "7"]
[White "Aparicio, Anibal"]
[Black "Molina, Pablo Sebastian"]
[Result "1-0"]
[WhiteElo "2274"]
[BlackElo "2012"]
[PlyCount "49"]
[EventDate "2010.01.20"]
[EventType "swiss"]
[EventRounds "9"]
[EventCountry "ARG"]
[SourceTitle "CBM 134 Extra"]
[Source "ChessBase"]
[SourceDate "2010.03.03"]
[SourceVersion "1"]
[SourceVersionDate "2010.03.03"]
[SourceQuality "1"]

1. e4 e5 2. Nf3 Nc6 3. Bb5 Nd4 4. Nxd4 exd4 5. d3 c6 6. Bc4 b5 7. Bb3 d5 8. exd5 cxd5 9. 0-0 Be6 10. a4 Qh4 11. axb5 Nf6 12. Qf3 Bd6 13. g3 Qh3 14. Re1 0-0 15. Qg2 Qh5 16. f3 Bh3 17. Qf2 Rae8 18. Bd2 Rxe1+ 19. Bxe1 Re8 20. Nd2 Bb4 21. Rxa7 h6 22. b6 Rxe1+ 23. Qxe1 Bxd2 24. Qxd2 Qxf3 25. Ra8+ 1-0

[Event "Villa Ballester Verano op 60th"]
[Site "Villa Ballester"]
[Date "2010.01.24"]
[Round "4"]
[White "Muller, Thilo"]
[Black "Aparicio, Anibal"]
[Result "0-1"]
[WhiteElo "2065"]
[BlackElo "2274"]
[PlyCount "116"]
[EventDate "2010.01.20"]
[EventType "swiss"]
[EventRounds "9"]
[EventCountry "ARG"]
[SourceTitle "CBM 134 Extra"]
[Source "ChessBase"]
[SourceDate "2010.03.03"]
[SourceVersion "1"]
[SourceVersionDate "2010.03.03"]
[SourceQuality "1"]

1. d4 d5 2. c4 c6 3. Nc3 Nf6 4. Nf3 a6 5. e3 b5 6. b3 Bg4 7. Be2 e6 8. 0-0 Nbd7 9. Bb2 Qb8 10. Qc2 Bd6 11. h3 Bf5 12. Qc1 h6 13. Re1 0-0 14. Bf1 Ra7 15. a3 Re8 16. Qd2 Rb7 17. c5 Bc7 18. b4 e5 19. dxe5 Nxe5 20. Nd4 Bd7 21. f4 Nc4 22. Bxc4 dxc4 23. Qf2 Ne4 24. Qf3 Nd2 25. Qf2 Nb3 26. Rad1 Bd8 27. Qf3 Nxd4 28. Rxd4 Bf6 29. Rd6 Re6 30. Rxe6 fxe6 31. e4 Bd4+ 32. Kh1 e5 33. f5 Be8 34. Bc1 Qd8 35. Qg3 Bh5 36. Ne2 Bxe2 37. Rxe2 Qf6 38. Bb2 Bxb2 39. Rxb2 Rd7 40. a4 Rd3 41. Qg4 Qg5 42. Qe2 Qc1+ 43. Kh2 Qf4+ 44. Kh1 Re3 45. Qf2 Qxf2 46. Rxf2 Rxe4 47. axb5 axb5 48. g4 c3 49. Rc2 Rxb4 50. Rxc3 Rc4 51. Re3 Rxc5 52. Kg2 b4 53. Kf2 Rb5 54. Re1 Kf7 55. Ke3 b3 56. Kd3 Kf6 57. h4 b2 58. Rb1 h5 0-1

[Event "ARG-ch sf"]
[Site "Buenos Aires"]
[Date "1998.??.??"]
[Round "8"]
[White "Aparicio, Anibal"]
[Black "Gomez Baillo, Jorge H"]
[Result "0-1"]
[WhiteElo "2305"]
[BlackElo "2440"]
[PlyCount "61"]
[EventDate "1998.??.??"]
[EventType "swiss"]
[EventRounds "9"]
[EventCountry "ARG"]
[SourceTitle "EXT 2000"]
[Source "ChessBase"]
[SourceDate "1999.11.16"]
[SourceVersion "1"]
[SourceVersionDate "1999.11.16"]
[SourceQuality "1"]

1. e4 c6 2. d4 d5 3. e5 Bf5 4. Nf3 e6 5. Be2 Nd7 6. 0-0 Bg6 7. Nbd2 Nh6 8. c4 Be7 9. cxd5 cxd5 10. Nb3 Rc8 11. Bxh6 gxh6 12. Rc1 0-0 13. Qd2 Kg7 14. Rxc8 Qxc8 15. Rc1 Qb8 16. Qa5 Nb6 17. g3 Rc8 18. Rc3 Nc4 19. Bxc4 dxc4 20. Nbd2 b5 21. a4 bxa4 22. Rxc4 Rxc4 23. Nxc4 Be4 24. Ncd2 Bd5 25. Qc3 a5 26. Qc2 Qb7 27. Ne1 Qb4 28. Ndf3 a3 29. bxa3 Qxa3 30. Kg2 Bb4 31. Kf1 0-1

[Event "ARG-ch sf"]
[Site "Buenos Aires"]
[Date "1998.??.??"]
[Round "5"]
[White "Pierrot, Juan Facundo"]
[Black "Aparicio, Anibal"]
[Result "1-0"]
[WhiteElo "2420"]
[BlackElo "2305"]
[PlyCount "83"]
[EventDate "1998.??.??"]
[EventType "swiss"]
[EventRounds "9"]
[EventCountry "ARG"]
[SourceTitle "EXT 2000"]
[Source "ChessBase"]
[SourceDate "1999.11.16"]
[SourceVersion "1"]
[SourceVersionDate "1999.11.16"]
[SourceQuality "1"]

1. e4 e5 2. Nf3 Nc6 3. Bb5 Nf6 4. 0-0 Nxe4 5. d4 Nd6 6. Bxc6 dxc6 7. dxe5 Ne4 8. Qe2 Bf5 9. Rd1 Qc8 10. Rd4 Nc5 11. Be3 Ne6 12. Rc4 Be7 13. Nc3 a6 14. Nh4 Bxh4 15. Rxh4 Qd7 16. g4 Bg6 17. Rd1 Qe7 18. Rh3 Qb4 19. Rb1 Nf4 20. Bxf4 Qxf4 21. e6 fxe6 22. Qxe6+ Kf8 23. Qe2 Bf7 24. Rd1 Re8 25. Re3 Rxe3 26. fxe3 Qg5 27. Qf3 Ke7 28. Ne4 Qe5 29. Ng3 Be6 30. Rd4 Rf8 31. Qe2 g6 32. c3 c5 33. Re4 Qd6 34. b4 Kd7 35. bxc5 Qxc5 36. Qd3+ Ke7 37. Ne2 Kf7 38. Nf4 Re8 39. Qf1 Kg8 40. Nxe6 Qd5 41. Qf6 Qd7 42. Qd4 1-0

[Event "ARG-chT"]
[Site "Buenos Aires"]
[Date "1997.??.??"]
[Round "6"]
[White "Aparicio, Anibal"]
[Black "Arias, Juan Carlos"]
[Result "1-0"]
[WhiteElo "2320"]
[BlackElo "2215"]
[PlyCount "99"]
[EventDate "1997.??.??"]
[EventType "team-tourn"]
[EventRounds "7"]
[EventCountry "ARG"]
[SourceTitle "EXT 2002"]
[Source "ChessBase"]
[SourceDate "2001.11.25"]
[SourceVersion "1"]
[SourceVersionDate "2001.11.25"]
[SourceQuality "1"]

1. Nf3 c5 2. g3 Nc6 3. c4 g6 4. Bg2 Bg7 5. Nc3 e5 6. a3 Nge7 7. b4 d6 8. Rb1 0-0 9. 0-0 Rb8 10. e3 Be6 11. d3 h6 12. Qa4 b6 13. Ne1 Qd7 14. Nd5 Kh7 15. Bb2 b5 16. cxb5 Bxd5 17. Bxd5 Nxd5 18. bxc6 Nb6 19. Qb5 Qc7 20. bxc5 dxc5 21. Nf3 Nd7 22. Qa4 Nb6 23. Qh4 Qxc6 24. Nxe5 Qe6 25. Qe4 f5 26. Qc6 Rbe8 27. Qxe6 Rxe6 28. Nc4 Nxc4 29. dxc4 Rf7 30. Bxg7 Kxg7 31. Rb5 Ra6 32. Ra1 Ra4 33. Rxc5 Rd7 34. h4 h5 35. Rc6 Kf8 36. Kg2 Rd3 37. Rb1 Rd7 38. Rb3 Re7 39. Kf3 Re4 40. Rb7 Re7 41. Rxe7 Kxe7 42. Rxg6 Rxa3 43. Kf4 Rc3 44. Kxf5 Rxc4 45. Rg7+ Kd6 46. Rxa7 Rc2 47. Ra6+ Ke7 48. Re6+ Kd7 49. f4 Rg2 50. Rg6 1-0

[Event "ARG-ch sf"]
[Site "Buenos Aires"]
[Date "1997.??.??"]
[Round "?"]
[White "Sorin, Ariel"]
[Black "Aparicio, Anibal"]
[Result "1-0"]
[WhiteElo "2460"]
[BlackElo "2320"]
[PlyCount "87"]
[EventDate "1997.06.13"]
[EventType "swiss"]
[EventRounds "11"]
[EventCountry "ARG"]
[SourceTitle "EXT 2001"]
[Source "ChessBase"]
[SourceDate "2000.11.22"]
[SourceVersion "1"]
[SourceVersionDate "2000.11.22"]
[SourceQuality "1"]

1. d4 d5 2. c4 c6 3. cxd5 cxd5 4. Nc3 Nf6 5. Bf4 e6 6. e3 a6 7. Bd3 Be7 8. h3 b5 9. Nf3 Bb7 10. 0-0 0-0 11. Rc1 Nbd7 12. Ne5 Rc8 13. Qe2 Nxe5 14. Bxe5 Nd7 15. Bg3 f5 16. a4 b4 17. Nb1 Qa5 18. b3 Nf6 19. Bh4 Qb6 20. g4 g6 21. f3 Kf7 22. Bg3 h5 23. g5 Nd7 24. h4 Bd6 25. Bxd6 Qxd6 26. f4 Qb6 27. Kf2 Nb8 28. Qb2 Ke7 29. Nd2 Qa5 30. Rc5 Rxc5 31. dxc5 Qxc5 32. Rc1 Qd6 33. Nf3 d4 34. Qxd4 Bxf3 35. Qxd6+ Kxd6 36. Kxf3 Rd8 37. e4 Ke7 38. Ke3 Rd6 39. e5 Rd7 40. Rc8 Rd8 41. Rxd8 Kxd8 42. Kd4 Nc6+ 43. Kc5 Ne7 44. Bc4 1-0

[Event "Salta Clarin op"]
[Site "Salta"]
[Date "1995.??.??"]
[Round "7"]
[White "Aparicio, Anibal"]
[Black "Giaccio, Alfredo Gustavo"]
[Result "1-0"]
[WhiteElo "2325"]
[BlackElo "2410"]
[PlyCount "121"]
[EventDate "1995.??.??"]
[EventType "swiss"]
[EventRounds "9"]
[EventCountry "ARG"]
[SourceTitle "EXT 1997"]
[Source "ChessBase"]
[SourceDate "1996.11.15"]
[SourceVersion "1"]
[SourceVersionDate "1996.11.15"]
[SourceQuality "1"]

1. d4 c5 2. e3 Nf6 3. Nf3 b6 4. Nbd2 g6 5. Bd3 Bg7 6. 0-0 Bb7 7. Qe2 0-0 8. c3 d6 9. h3 Nc6 10. Re1 Qd7 11. e4 cxd4 12. Nxd4 Nxd4 13. cxd4 Rac8 14. Nb3 Rc7 15. Bg5 Rfc8 16. d5 Ne8 17. Bb5 Qd8 18. Rad1 Rc2 19. Rd2 Rxd2 20. Qxd2 a6 21. Be2 Nf6 22. Bd1 Rc4 23. Qd3 b5 24. Bd2 Nd7 25. Na5 Rc7 26. Qa3 Ne5 27. Nxb7 Rxb7 28. Qxa6 Qb8 29. Be2 Nc4 30. Bxc4 Rb6 31. Qa5 bxc4 32. Rc1 Rb5 33. Qa6 Rxb2 34. Rxc4 Rb1+ 35. Rc1 Bd4 36. Qd3 Rxc1+ 37. Bxc1 Qb6 38. Qc2 Kg7 39. a4 f6 40. g3 Qb4 41. Bd2 Qa3 42. Kg2 Bc5 43. Bc3 Ba7 44. Be1 Kf7 45. a5 Bc5 46. Qc4 Qa1 47. Kf1 Qd1 48. Qe2 Qa1 49. Kg2 Qd4 50. Qf3 Qc4 51. Qf4 Qe2 52. Bd2 g5 53. Qf5 Qxd2 54. a6 Kf8 55. h4 h6 56. h5 Qe2 57. Qc8+ Kg7 58. Qf5 Qxh5 59. Qd7 Kf7 60. a7 Qe2 61. Qe6+ 1-0